00573nam a2200193Ia 4500008004100000020000700041082001200048100002500060245002200085250000800107260004100115300002400156500001900180600002700199650002000226942000700246952011100253999001500364240925s9999 xx 000 0 und d aNA a530 BUE aBueche ,Frederick J. 0aTechnical Physics a4th aNew York:bJohn Wiley & Sonsc,1994. a800p.bNAfOriginal aIncludes Index aEngineering Technology aNatural Science cBK 001040708ETaUITUbUITUd1999-02-14ePhoto Statl0o530 BUEpQ1907r2024-09-25 07:12:36w2024-09-25yBK c4406d4406